000 00306nam a2200133Ia 4500
008 221030s9999 xx 000 0 und d
041 _aEnglish
082 _a105.23
100 _aV. Kumar
245 0 _aDigital Electronics Theory and Expriments
_cby V. Kumar
260 _c0
650 _aB
942 _cBK
999 _c13803
_d13803